| 000 | 02131nam0a2200409 4500 | ||
|---|---|---|---|
| 001 | RU\NLR\BIBL_A\011903971 | ||
| 005 | 20210806093037.0 | ||
| 010 |
_a978-5-8354-1499-4 _91000 |
||
| 021 |
_aRU _bКН-П-18-091908 _9КН-П-18-6678 |
||
| 035 | _a(NLR Aleph) 011903971 | ||
| 035 | _a(RuMoRGB)009825960 | ||
| 090 |
_a10898551 _c10898551 |
||
| 100 | _a20181228d2018 k y0rusy50 ca | ||
| 101 | 0 | _arus | |
| 102 | _aRU | ||
| 105 | _ay|||n|||000zy | ||
| 200 | 1 |
_aОтечественные конституции 1918-1978 гг. _f[составители: П. В. Крашенинников, О. А. Рузакова] _gответственный редактор и автор вступительного слова П. В. Крашенинников |
|
| 210 |
_aМосква _cСтатут _d2018 |
||
| 215 |
_a717, [1] с. _d22 |
||
| 300 | _aТекст Основных законов публ. с выделением всех поправок, внесенных в них за время действия конституций | ||
| 320 | _aБиблиогр. в тексте | ||
| 606 | 1 |
_aКонституции _yРСФСР _z1918 - 1978 _92394161 _3RU\NLR\AUTH\6601647789 |
|
| 686 | 1 | _aХ620.10 | |
| 702 | 1 |
_4220 _7ca _8rus _aКрашенинников _bП. В. _f1964- _gПавел Владимирович _9110701 _3RU\NLR\AUTH\77659 |
|
| 742 | 1 |
_aРСФСР _c1917-1922 _f1918 _tКонституция _9586484 _3RU\NLR\AUTH\8810043485 |
|
| 742 | 1 |
_aСССР _f1924 _tКонституция _9610903 _3RU\NLR\AUTH\8810055174 |
|
| 742 | 1 |
_aРСФСР _f1925 _tКонституция _9603827 _3RU\NLR\AUTH\8810051750 |
|
| 742 | 1 |
_aСССР _f1936 _tКонституция _9829265 _3RU\NLR\AUTH\8810166668 |
|
| 742 | 1 |
_aРСФСР _f1937 _tКонституция _9644907 _3RU\NLR\AUTH\880492430 |
|
| 742 | 1 |
_aСССР _f1977 _tКонституция _9662108 _3RU\NLR\AUTH\8810079986 |
|
| 742 | 1 |
_aРСФСР _f1978 _tКонституция _9706202 _3RU\NLR\AUTH\8810102787 |
|
| 942 | _cBOOK | ||
| 980 | _aNBR | ||
| 980 | _aNB | ||